[Event "Ruhrgebiet VK playoff 0405"]
[Site "Ruhrgebiet"]
[Date "2005.06.12"]
[Round "3.4"]
[White "Smolka, Alexander"]
[Black "Koring, Holger"]
[Result "1-0"]
[WhiteElo "2034"]
[BlackElo "1788"]
[PlyCount "61"]
[EventDate "2005.05.08"]
[EventType "team"]
[EventRounds "3"]
[EventCountry "GER"]
[SourceTitle "EXT 2006"]
[Source "ChessBase"]
[SourceDate "2005.11.24"]
[SourceVersion "1"]
[SourceVersionDate "2005.11.24"]
[SourceQuality "1"]
[WhiteTeam "Bochum 31 III"]
[BlackTeam "Ruettenscheid Rochade"]
[WhiteTeamCountry "GER"]
[BlackTeamCountry "GER"]

1. e4 e6 2. d4 d5 3. Nc3 dxe4 4. Nxe4 Be7 5. Nf3 Nf6 6. Bd3 Bd7 7. c3 Nxe4 8. Bxe4 Bc6 9. Bd3 Bxf3 10. Qxf3 c6 11. 0-0 Nd7 12. Re1 Nf6 13. Bg5 Nd5 14. Bxe7 Nxe7 15. Qh3 g6 16. Qh6 Nd5 17. Re5 Qf6 18. Rae1 Qf4 19. Qh3 Qf6 20. Rxe6+ fxe6 21. Rxe6+ Qxe6 22. Qxe6+ Ne7 23. d5 Kd8 24. Qd6+ Ke8 25. Qe6 Kd8 26. d6 Nd5 27. c4 Re8 28. Qf7 Re1+ 29. Bf1 Rc8 30. f3 Ne3 31. Qe7# 1-0

[Event "Ruhrgebiet VK playoff 0405"]
[Site "Ruhrgebiet"]
[Date "2005.05.08"]
[Round "1.6"]
[White "Marquardt, Guido"]
[Black "Koring, Holger"]
[Result "1/2-1/2"]
[WhiteElo "1800"]
[BlackElo "1788"]
[PlyCount "79"]
[EventDate "2005.05.08"]
[EventType "team"]
[EventRounds "3"]
[EventCountry "GER"]
[SourceTitle "EXT 2006"]
[Source "ChessBase"]
[SourceDate "2005.11.24"]
[SourceVersion "1"]
[SourceVersionDate "2005.11.24"]
[SourceQuality "1"]
[WhiteTeam "Horst III"]
[BlackTeam "Ruettenscheid Rochade"]
[WhiteTeamCountry "GER"]
[BlackTeamCountry "GER"]

1. Nc3 Nf6 2. e4 e5 3. Bc4 Be7 4. d3 Nc6 5. a3 d6 6. Nf3 Bg4 7. h3 Bh5 8. Nd5 Nxd5 9. Bxd5 Bxf3 10. Qxf3 0-0 11. c3 Bg5 12. 0-0 Bxc1 13. Raxc1 Ne7 14. Qe3 Nxd5 15. exd5 Qe8 16. c4 b6 17. Rce1 Qd7 18. d4 Rfe8 19. dxe5 Rxe5 20. Qc3 Rae8 21. Rxe5 Rxe5 22. Re1 Qe8 23. Kf1 f6 24. Rxe5 Qxe5 25. Qxe5 dxe5 26. Ke2 Kf7 27. b4 a6 28. Ke3 Ke7 29. c5 g6 30. Ke4 b5 31. g4 h6 32. h4 Kd7 33. h5 gxh5 34. gxh5 c6 35. dxc6+ Ke6 36. f4 f5+ 37. Ke3 e4 38. Kd4 Ke7 39. Ke3 Kd8 40. Kd4 1/2-1/2

[Event "Ruhrgebiet VK2 0304"]
[Site "Ruhrgebiet"]
[Date "2004.02.29"]
[Round "7.6"]
[White "Koring, Holger"]
[Black "Chan, Allan"]
[Result "1-0"]
[WhiteElo "1772"]
[BlackElo "1835"]
[PlyCount "105"]
[EventDate "2003.09.28"]
[EventType "team"]
[EventRounds "9"]
[EventCountry "GER"]
[SourceTitle "EXT 2007"]
[Source "ChessBase"]
[SourceDate "2006.11.23"]
[SourceVersion "1"]
[SourceVersionDate "2006.11.23"]
[SourceQuality "1"]
[WhiteTeam "Ruettenscheid Rochade"]
[BlackTeam "Oberhausen II"]
[WhiteTeamCountry "GER"]
[BlackTeamCountry "GER"]

1. d4 Nf6 2. Nf3 g6 3. g3 Bg7 4. Bg2 0-0 5. 0-0 d6 6. c3 Nbd7 7. Re1 Rb8 8. Bg5 Ne4 9. Bf4 b5 10. a3 Bb7 11. Nbd2 c5 12. Nxe4 Bxe4 13. dxc5 Nxc5 14. Be3 Na4 15. Qd2 Qa5 16. Nd4 Bxg2 17. Kxg2 Rfc8 18. Rab1 Nb6 19. Nb3 Qa4 20. Bxb6 Rxb6 21. Nd4 Bxd4 22. Qxd4 Qxd4 23. cxd4 Rc2 24. e3 Rbc6 25. Kf3 Rd2 26. Re2 Rxe2 27. Kxe2 Rc2+ 28. Kf3 d5 29. b4 Kg7 30. g4 Kf6 31. Ra1 a6 32. h4 h6 33. Rb1 e5 34. Rb3 Rc4 35. dxe5+ Kxe5 36. Rd3 h5 37. gxh5 gxh5 38. Kg3 d4 39. exd4+ Rxd4 40. Re3+ Kd5 41. Rf3 Kc4 42. Rxf7 Rd3+ 43. Rf3 Rxf3+ 44. Kxf3 Kb3 45. Ke4 Kxa3 46. f4 Kxb4 47. f5 a5 48. f6 a4 49. f7 a3 50. f8Q+ Kb3 51. Qf3+ Ka4 52. Qd1+ Kb4 53. Qc2 1-0